Diaspora and Nation Building: torchbearer of the Master-Disciple relationship (Record no. 174298)
[ view plain ]
| 000 -LEADER | |
|---|---|
| fixed length control field | 00633nam a22002057a 4500 |
| 005 - DATE AND TIME OF LATEST TRANSACTION | |
| control field | 20201218144630.0 |
| 010 ## - LCCN (DPL NO) | |
| LC control number | ENG-128168 |
| 020 ## - INTERNATIONAL STANDARD BOOK NUMBER | |
| Terms of availability | 400.00 |
| International Standard Book Number | 9789353228477 |
| 035 ## - SYSTEM CONTROL NUMBER | |
| System control number | EN-111700 |
| 037 ## - SOURCE OF ACQUISITION | |
| Source of stock number/acquisition | DBAD/PUB |
| 082 ## - DEWEY DECIMAL CLASSIFICATION NUMBER | |
| Classification number | 305.90691 |
| 245 ## - TITLE STATEMENT | |
| Title | Diaspora and Nation Building: torchbearer of the Master-Disciple relationship |
| Statement of responsibility, etc | edited by Ruchi Verma |
| 260 ## - PUBLICATION, DISTRIBUTION, ETC. (IMPRINT) | |
| Place of publication, distribution, etc | New Delhi |
| Name of publisher, distributor, etc | Prabhat Prakashan |
| Date of publication, distribution, etc | 2019 |
| 270 ## - ADDRESS | |
| Address | 4/19 Asaf Ali Road |
| City | New Delhi |
| Postal code | 110002 |
| 300 ## - PHYSICAL DESCRIPTION | |
| Extent | 160p. |
| Dimensions | 23cm(hb) |
| 700 ## - ADDED ENTRY--PERSONAL NAME | |
| Personal name | Pandey,Nutan |
| 700 ## - ADDED ENTRY--PERSONAL NAME | |
| Personal name | Narayan Kumar |
| 700 ## - ADDED ENTRY--PERSONAL NAME | |
| Personal name | Mudgal,Anup K. |
| 942 ## - ADDED ENTRY ELEMENTS (KOHA) | |
| Source of classification or shelving scheme | Dewey Decimal Classification |
| Item type | English Books |
| Classification part | 305.90691 |
| Call number suffix | DIA |
| Withdrawn status | Lost status | Not for loan | Collection code | Home library | Current library | Date acquired | Source of acquisition | Cost, normal purchase price | Full call number | Barcode | Copy number | Cost, replacement price | Koha item type |
|---|---|---|---|---|---|---|---|---|---|---|---|---|---|
| Non-fiction | Central Library | Central Library | 02/06/2020 | DBAD/PUB | 400.00 | 305.90691 DIA | EN-111700 | 1 | 400.00 | English Books |
